01224nab a22002417a 4500999001500000003000400015005001700019008004100036040000700077100003100084245011800115260007300233300001300306500007200319505024000391505008900631650003500720650002000755650002000775650003500795773013900830942001300969 c5676d5676OSt20251226225814.0190603e xxum|||| |||| 00| 0 spa d cPJ 95959aIglesias, Mariana B.13aLa partición privada a 10 años de vigencia del Código Civil y Comercial de Nación /cMariana B. Iglesias. cCiudad Autónoma de Buenos Aires :aThomson Reuters La Ley, b2025. ap. 51-61 aCita: TR LALEY AR/DOC/1756/2025 Publicado en: RCCyC 2025 (agosto). aSumario: I. A modo de introducción: el derecho sucesorio a 10 años de vigencia del Cód. Civ. y Com.— II. La partición privada en el Cód. Civ. y Com.— III. La partición privada en la jurisprudencia.— IV. Conclusión.  t¿Te interesa el texto completo? Solicitalo al correo: koha@justierradelfuego.gov.ar 091497aCODIGO CIVIL Y COMERCIAL 09888aSUCESIONES 091084aHEREDEROS 094553aPARTICION DE LA HERENCIA0 0271393170dCiudad Autónoma de Buenos Aires : Thomson Reuters La Ley, 2015-tRevista Código Civil y Comercial. Nº 4 - Agosto 2025 2udccANA